MESTSKÁ KNIŽNICA GIRALTOVCE  - online katalóg 

Mozart v Praze (Record no. 14102)

000 -NÁVESTIE
fixed length control field 00361nam a2200145 a 4500
008 - ÚDAJE S PEVNOU DĹŽKOU – VŠEOBECNÉ INFORMÁCIE
fixed length control field 961022s1958||||xx 0 und c
040 ## - ZDROJ KATALOGIZÁCIE
Pôvodná katalogizujúca agentúra SNK
Jazyk katalogizácie slo
Prepisujúca agentúra SNK
Konvencie popisu AACR2
020 ## - MEDZINÁRODNÉ ŠTANDARDNÉ ČÍSLO KNIHY (ISBN)
Údaje o dostupnosti 35,60
044 ## - KÓD KRAJINY VYDAVATEĽA/PRODUCENTA
Kód krajiny MARC CZ
041 ## - KÓD JAZYKA
Kód jazyka textu/zvukovej stopy alebo samostatných nápisov cze
100 1# - OSOBNÉ MENÁ – VŠEOBECNÉ INFORMÁCIE
Osobné meno Koval, Karel
245 10 - NÁZOV
Názov Mozart v Praze
Zvyšok názvu Hudební kronika let 1787-1791
260 ## - VYDAVATEĽSKÉ ÚDAJE, DISTRIBÚCIA ATĎ.
Miesto publikovania, distribúcie atď. Praha
Názov vydavateľa, distibútora atď. Melantrich
Dátum publikovania, distribúcie atď. 1958
300 ## - FYZICKÝ POPIS
Rozsah 676 s.
Holdings
Stav stiahnutia (Blokovanie) (Withrawn status) Stav straty Stav poškodenia (Damaged status) Nie pre výpožičky (Not for loan) Spôsob nadobudnutia (Collection code) Trvalé umiestnenie Aktuálne umiestnenie Dátum nadobudnutia Náklady, bežná kúpna cena Inventárne číslo (prírastkové číslo) Full call number Dátum posledného výskytu Cena s účinnosťou od Typ jednotky Koha
        Kúpa Mestská knižnica Giraltovce Mestská knižnica Giraltovce 2019-11-29 35.60 14141 I 0212 2019-11-29 2019-11-29 Odborná literatúra pre dospelých

Powered by Koha